Lembranzas do meu vivir. (Record no. 186227)

MARC details
000 -LEADER
campo de control de longitud fija 01187nam a2200301 i 4500
001 - NÚMERO DE CONTROL
campo de control 186227
003 - IDENTIFICADOR DE NÚMERO DE CONTROL
campo de control SpMaBN
005 - FECHA Y HORA DE LA ÚLTIMA TRANSACCIÓN
campo de control 20250719165612.0
008 - DATOS DE LONGITUD FIJA--INFORMACIÓN GENERAL
campo de control de longitud fija 160921s2015 sp c |||| |aglg
020 ## - NÚMERO INTERNACIONAL ESTÁNDAR DEL LIBRO
Número Internacional Estándar del Libro 978-84-9865-621-3 (Fundación Otero Pedrayo; v. 2)
020 ## - NÚMERO INTERNACIONAL ESTÁNDAR DEL LIBRO
Número Internacional Estándar del Libro 978-84-9865-621-3 (Galaxia; v. 2)
080 ## - NÚMERO DE LA CLASIFICACIÓN DECIMAL UNIVERSAL
Número de la Clasificación Decimal Universal 929 Otero Pedrayo, Ramón
100 1# - ENTRADA PRINCIPAL--NOMBRE DE PERSONA
Nombre de persona Otero Pedrayo, Ramón,
Fechas asociadas al nombre 1888-1976
9 (RLIN) 87917
245 10 - MENCIÓN DEL TÍTULO
Título Lembranzas do meu vivir.
Número de parte o sección de la obra II /
Mención de responsabilidad, etc. Ramón Otero Pedrayo ; edición e notas Joaquim Ventura ; prólogo, Ramón Villares.
250 ## - MENCION DE EDICION
Mención de edición 1ª ed.
260 ## - PUBLICACIÓN, DISTRIBUCIÓN, ETC.
Lugar de publicación, distribución, etc. Vigo :
Nombre del editor, distribuidor, etc. Galaxia,
Fecha de publicación, distribución, etc. -<2015>
300 ## - DESCRIPCIÓN FÍSICA
Extensión 1 v. (408 p., 1 retr.) ;
Dimensiones 21 cm.
490 1# - MENCIÓN DE SERIE
Mención de serie Biblioteca Otero Pedrayo ;
Designación de volumen o secuencia 9
505 8# - NOTA DE CONTENIDO CON FORMATO
Nota de contenido con formato Contiene: 2 ;
Título Os tempos da universidade, Madrid, 1904-1912
600 14 - PUNTO DE ACCESO ADICIONAL DE MATERIA--NOMBRE DE PERSONA
Nombre de persona Otero Pedrayo, Ramón,
Fechas asociadas al nombre 1888-1976
9 (RLIN) 87917
700 1# - ENTRADA AGREGADA--NOMBRE PERSONAL
Nombre de persona Ventura, Joaquim,
Fechas asociadas al nombre 1954-
9 (RLIN) 160949
700 1# - ENTRADA AGREGADA--NOMBRE PERSONAL
Nombre de persona Villares, Ramón,
Fechas asociadas al nombre 1951-
9 (RLIN) 115116
740 32 - ENTRADA AGREGADA--TÍTULO RELACIONADO/ANALÍTICO NO CONTROLADO
Título relacionado o analítico no controlado Os tempos da universidade, Madrid, 1904-1912.
830 0# - PUNTO DE ACCESO ADICIONAL DE SERIE-TÍTULO UNIFORME
Título uniforme Biblioteca Otero Pedrayo ;
Designación de volumen o secuencia 9
9 (RLIN) 225370
852 ## - LOCALIZACIÓN
Ubicación ES-MaACL
Número de control de estantería A-13817
itemnumber 193282
Sublocalización o colección R.150949
Ubicación en estantería Depósito 1
Signatura antigua Olim: N-6817
942 ## - ELEMENTOS DE ENTRADA SECUNDARIOS (KOHA)
Fuente del sistema de clasificación o colocación Clasificación decimal universal
Tipo de ítem Koha Libro impreso
Holdings
Estatus retirado Estado de pérdida Fuente del sistema de clasificación o colocación Estado de daño No para préstamo Biblioteca de origen Biblioteca actual Ubicación en estantería Fecha de adquisición Fuente de adquisición Total de préstamos Signatura topográfica completa Código de barras Visto por última vez Precio de reemplazo Tipo de ítem Koha
    Clasificación decimal universal     Biblioteca del Ateneo de Madrid Biblioteca del Ateneo de Madrid Depósito 1 21/09/2016 Donación   A-13817 1196344 23/02/2023 23/02/2023 Libro impreso